| 000 | 00476nam a2200193 a 4500 | ||
|---|---|---|---|
| 005 | 20210223125218.0 | ||
| 008 | 031105s2000 mx r 000 0 spa d | ||
| 020 | _a8430582347 | ||
| 035 | _aUPN01000130703 | ||
| 049 | _aI | ||
| 050 | 4 |
_aN61 _bC6.4 |
|
| 245 | 0 | 0 | _aColores. |
| 260 |
_aMadrid : _bSusaeta, |
||
| 300 |
_a[18] p. : _bil. col. |
||
| 440 | 0 | _a10 animalitos | |
| 650 | 4 |
_aCOLORES _96786 |
|
| 650 | 4 |
_aRATONES - _vLITERATURA INFANTIL _910248 |
|
| 905 | _aInfantil | ||
| 999 |
_c102860 _d102860 |
||